Invitación a la Ecología: la economía de la naturaleza

Wedi'i Gadw mewn:
Manylion Llyfryddiaeth
Prif Awdur: Ricklefs, Robert E (Awdur)
Fformat: Llyfr
Iaith:Sbaeneg
Cyhoeddwyd: Buenos Aires Medica Panamericana 1998
Rhifyn:4a. ed
Pynciau:
Tagiau: Ychwanegu Tag
Dim Tagiau, Byddwch y cyntaf i dagio'r cofnod hwn!

MARC

LEADER 00000nam a2200000 a 4500
001 UCH5526
003 CL-VaPUC
008 091014e19980000AG |||||||||||||||||spa|d
020 |a 8479034289 
082 0 4 |a 574.5  |b RIC  |2 21 
100 0 |a Ricklefs, Robert E  |e author  |9 541823 
245 1 0 |a Invitación a la Ecología: la economía de la naturaleza 
250 |a 4a. ed 
300 |a 692 p 
942 |c BK 
945 |d 20091014 00:00:00  |a ccalabra 
260 |a Buenos Aires  |b Medica Panamericana  |c 1998 
500 |a Libro de texto sobre ecología básica 
650 0 |a Educación  |9 258661 
650 0 |a Ecología   |9 258124 
650 0 |a Medio ambiente  |9 257625 
650 0 |a Ecosistemas  |9 261477 
650 0 |a Ciencias naturales  |9 260542 
650 0 |a Demografía   |9 260008 
583 |a last modification  |c 20091014 00:00:00  |k Rodrigo Vera 
999 |c 336655  |d 336653